00999nam a22002057a 4500003000500000005001700005008004100022050001700063100002700080245021700107260005800324300003900382440004300421500016300464650005300627700002500680700003000705700003200735700002600767SISC20180201112445.0180201b xxu||||| |||| 00| 0 eng d aHF 5635 .F56 aFlorendo, Joselito G.  aFundamentals of accountancy, business, and management 2:bspecialized subject academic-ABM /cJoselito G. Florendo, Carlsberg S. Andres, Christopher B. Honorario, Reymond Patrick P. Monfero, Dani Rose C. Salazar. aQuezon City:bCommission on Higher Education,cc2016. a184 pages:billustrations;c28 cm. aTeaching guide for senior high school  aThis teaching guide by the Commission on Higher Education is licensed under a Creative Commons Attribution-NonCommercial-ShareAlike 4.0 International License. 2Library of Congress Subject HeadingsaAccounting aAndres, Carlsberg S. aHonorario, Christopher B. aMonfero, Reymond Patrick P. aSalazar, Dani Rose C.